00293 a2200121 4500001000700000020001500007040003500022100002500057240003900082245003400121300000700155362000900162156568 a8530501152 cEscola São Tomás de Aquino aAGUIAR, Luiz Antonio10aSocorro! estou comprando tudolpor10aSocorro! estou comprando tudo a460 a1997